LEADER 01238nam--2200397---450- 001 990000677240203316 005 20050623143234.0 035 $a0067724 035 $aUSA010067724 035 $a(ALEPH)000067724USA01 035 $a0067724 100 $a20011015d1986----km-y0itay0103----ba 101 $aita 102 $aTI 105 $a||||||||001yy 200 1 $a<> nascita della terza pagina$eletterati e giornalismo 1860-1914$fRoberta Gisotti$gintroduzione di mario Pomilio 210 $aCavallino di Lecce$cCapone$d1986 215 $a116 p.$d21 cm 225 2 $aMass media$iMonografie$v2 410 $12001$aMass media$iMonografie 461 1$1001-------$12001 606 0 $aGiornalismo letterario 676 $a808.06607 700 1$aGISOTTI,$bRoberta$0445946 801 0$aIT$bsalbc$gISBD 912 $a990000677240203316 951 $aIV.1. 275(XV A COLL 25/2)$b96224 LM$cXV A COLL 959 $aBK 969 $aUMA 979 $aPATTY$b90$c20011015$lUSA01$h1832 979 $aPATTY$b90$c20011015$lUSA01$h1833 979 $c20020403$lUSA01$h1717 979 $aPATRY$b90$c20040406$lUSA01$h1647 979 $aCOPAT1$b90$c20050623$lUSA01$h1432 996 $aNascita della terza pagina$998313 997 $aUNISA LEADER 01321nam0-22004091i-450- 001 990005431590203316 005 20010829120000.0 035 $a000543159 035 $aUSA01000543159 035 $a(ALEPH)000543159USA01 035 $a000543159 100 $a20010829d1992-------|0enac50------ba 101 $aeng 102 $aUS 105 $a||||Z 1|||| 200 1 $aAdvanced Mathematics For Economists$estatic and dynamic optimization$fPeter J$cLambert 210 $aOxford$cBlackwell$d1992 - 230 p. : grafici ; 24 cm 606 $aEconomia$xmodelli matematici$2FI 620 $dOxford 676 $a510$cMatematica$v21 700 1$aLAMBERT,$bPeter J.$0532720 712 $aBasil Blackwell 801 $aIT$bSOL$c20120104 912 $a990005431590203316 950 $aDIP.TO SCIENZE ECONOMICHE - (SA)$dDS 500 510 LAM$e5434 DISES 950 $aDIP.TO SCIENZE ECONOMICHE - (SA)$dDS 500 510 LAM$e1195 DISES 950 $aDIP.TO SCIENZE ECONOMICHE - (SA)$dDS 500 510 LAM$e629 DISES 951 $a500 510 LAM$b1195 DISES 951 $a500 510 LAM$b5434 DISES 951 $a500 510 LAM$b629 DISES 959 $aBK 969 $aDISES 979 $c20121027$lUSA01$h1532 979 $c20121027$lUSA01$h1612 996 $aAdvanced mathematics for economists$9901623 997 $aUNISA NUM $aUSA2385 LEADER 05627nam1 2200997 i 450 001 CFI0012575 005 20251003044108.0 020 $aIT$b84-6088 100 $a19860626g1972 ||||0itac50 ba 101 | $aita 102 $ait 181 1$6z01$ai $bxxxe 182 1$6z01$an 183 1$6z01$anc$2RDAcarrier 200 1 $aStoria delle idee politiche, economiche e sociali$fdiretta da Luigi Firpo 210 $aTorino$cUnione tipografico-editrice torinese 215 $a v.$d24 cm. 421 1$1001PBE0044402$12001 $aˆIl ‰pensiero economico del Cristianesimo$fdi Luciano Orabona 462 1$1001RAV0078888$12001 $aˆ4: L'‰età moderna.$v4 462 1$1001UBO0021167$12001 $aˆ2: ‰Ebraismo e cristianesimo, Il Medioevo$v2 463 1$1001CFI0033840$12001 $a3$eUmanesimo e Rinascimento$fa cura di Giuseppe Alberigo ... [et al.]$v3 463 1$1001CFI0111641$12001 $a6$eˆIl ‰secolo ventesimo$fa cura di Guido Fassò ... [et al.]$v6 463 1$1001FER0097756$12001 $aˆ6: Il ‰secolo ventesimo$f a cura di Guido Fassò ... [et al.]$v6 463 1$1001LIA0749100$12001 $aˆ5: L'‰età della Rivoluzione industriale$fa cura di Gaetano Arfè ... [et al.]$v5 463 1$1001MIL0621518$12001 $aˆ5: L'‰età della Rivoluzione industriale$fa cura di Gaetano Arfè ... [et al.]$v5 463 1$1001MIL0621519$12001 $aˆ6: Il ‰secolo ventesimo$fa cura di Mario Giovana ... [et al.]$v6 463 1$1001MOD0064255$12001 $aˆ4.1: L' ‰età moderna$fa cura di Norberto Bobbio ... [et al.]$v4/1 463 1$1001MOD0064259$12001 $aˆ4.2: L'‰età moderna$fa cura di Claudio Cesa ... [et al.]$v4/2 463 1$1001NAP0682285$12000 $a2.1$eEbraismo e cristianesimo$fa cura di Giorgio Barbero 463 1$1001NAP0682288$12000 $a2.2$eIl Medioevo$fa cura di Ovidio Capitani ... [et al.] 463 1$1001RAV0078606$12001 $aˆ1: L' ‰antichità classica$fa cura di Lucio Bertelli ... [et al.]$g con un'introduzione generale di Luigi Firpo$v1 463 1$1001RAV0079027$12001 $aˆ6: Il ‰secolo ventesimo$fa cura di Mario Giovana ... [et al.]$v6 463 1$1001TO00119368$12001 $aˆIl ‰socialismo riformistico e la socialdemocrazia$fdi Gaetano Arfè 463 1$1001UBO0210554$12001 $aˆ5: L' ‰età della rivoluzione industriale$f a cura di Gaetano Arfè ... [et al.]$v5 606 $aPolitica$xTeorie$xStoria$2FIR$3CFIC000468$9E 606 $aSociologia$2FIR$3CFIC000470$9E 606 $aEconomia$xTeorie$xStoria$2FIR$3CFIC000469$9E 676 $a320.09$9Scienza politica. Storia, geografia, persone$v12 676 $a320.09$9Scienza politica (politica e governo). Storia, geografia, persone$v14 676 $a320.09$9SCIENZA POLITICA. TRATTAMENTO STORICO E GEOGRAFICO$v19 676 $a320.09$9SCIENZA POLITICA. STORIA, GEOGRAFIA, PERSONE$v20 676 $a320.09$9Scienza politica. Storia, geografia, persone$v22 676 $a320.5$9IDEOLOGIE POLITICHE$v21 676 $a320.9$9$v21 696 $aVita politica$aAttività politica$aAspetti politici 696 $aAspetti sociali$aAspetti socio-culturali 696 $aEconomia reale$aAttività economiche$aAspetti economici 699 $aPolitica$zVita politica 699 $aPolitica$zAttività politica 699 $aPolitica$zAspetti politici 699 $aSociologia$zAspetti sociali 699 $aSociologia$zAspetti socio-culturali 699 $aEconomia$yEconomia reale 699 $aEconomia$zAttività economiche 699 $aEconomia$zAspetti economici 702 1$aFirpo$b, Luigi$3CFIV002573 801 3$aIT$bIT-000000$c19860626 850 $aIT-BN0095 $aIT-SA0060 $aIT-NA0243 $aIT-SA0112 $aIT-SA0255 $aIT-NA0045 $aIT-NA0299 $aIT-AV0011 $aIT-AV0003 $aIT-AV0007 $aIT-NA0079 $aIT-CE0068 $aIT-NA0120 $aIT-CE0127 $aIT-NA0666 $aIT-NA0230 $aIT-BN0052 $aIT-AV0045 $aIT-BN0015 $aIT-NA0536 901 $bNAP AB$cS.A. $n$ 901 $bNAP AH$cSALASTUDIO$nEx sala studio, ora secondo piano 901 $bNAP MV$cQ $nSTORIA LOCALE 901 $bNAP SC$c73 $n$ 901 $bNAP MG$cA $n$ 901 $bNAP 01$cSTORICA $nComprende libri acquistati presso la Libreria antiquaria del Castello di Solopaca 901 $bNAP 84$cBIBLIOTECA$n$ 901 $bNAP CP$cFM $n$ 901 $bNAP GV$cF. MODERNO$n$ 901 $bNAP BN$cB $nComprende volumi con collocazioni per formato catalogati prima del 1987. La consegna del doc. é effettuata dall'Uff. Distribuzione. 901 $bNAP RR$cCONS $n$ 901 $bNAP AG$cSALA 5 $n$ 901 $bNAP IR$cFGDC $n$ 901 $bNAP AV$cSEZ. M $nSezione Moderna 901 $bNAP PB$cF. PAPA $n$ 901 $bNAP AR$cP. CICCONE$nDONAZIONE 901 $bNAP 67$cSALA F $nComprende monografie di vario argomento 901 $bNAP 27$cCOLL. $n$ 901 $bNAP 99$cCONFORTI $n$ 901 $bNAP BN$cS.C. $n$ 901 $bNAP CT$cSEZ.GEN. $n$ 912 $aCFI0012575 950 1$aBiblioteca Centralizzata di Ateneo$cv. 2.1-6$d 01STORICA 18 STODIP 950 1$aCentro Librario e Bibliotecario per la Diffusione della cultura$c7 v.$d 67SALA F STO I 16 967 $m14 977 $a 01$a 27$a 67$a 84$a 99$a AB$a AG$a AH$a AR$a AV$a BN$a CP$a CR$a CT$a GV$a IR$a MG$a MV$a PB$a RR$a SC 996 $aStoria delle idee politiche, economiche e sociali$9568957 997 $aUNISANNIO